Informe mensual de la integración latinoamericana

Đã lưu trong:
Chi tiết về thư mục
Định dạng: Texto
Các nhãn: Thêm thẻ
Không có thẻ, Là người đầu tiên thẻ bản ghi này!

MARC

LEADER 00000 a a2200000 04500
001 3266
003
040
245 |a Informe mensual de la integración latinoamericana  
773 |g volumen 32, número 6; páginas 665-669  
999 |c 28770  |d 28770